| 000 | 01058nam a2200277 i 4500 | ||
|---|---|---|---|
| 001 | 105356 | ||
| 003 | ES-MaACL | ||
| 005 | 20240503110112.0 | ||
| 007 | t| | ||
| 008 | 060629s1969 sp ||||1| spa d | ||
| 080 | _a75 Gomila, Juan (083.82) | ||
| 100 | 1 |
_aGomila, Juan. _958202 |
|
| 245 | 1 | 0 |
_aGomila _b: [exposición, Sala del Prado del Ateneo de Madrid, marzo de 1969] / _c[texto: Angel González]. |
| 260 |
_a[Madrid] : _bPublicaciones Españolas, _c[1969] |
||
| 300 |
_a[12] p. : _bil. ; _c23 cm. |
||
| 490 | 1 |
_aCuadernos de arte. Serie divulgación ; _v129 |
|
| 600 | 1 | 4 |
_aGomila, Juan- _vExposiciones. _958203 |
| 610 | 2 | 7 |
_aAteneo de Madrid- _vExposiciones- _y1960-1969. _91920 |
| 655 | 7 |
_2tgfbne _9193628 _aCatálogos de exposiciones |
|
| 700 | 1 |
_aGonzález, Ángel, _d1925-2008 _958280 |
|
| 710 | 2 |
_aAteneo de Madrid. _bSala del Prado. _91965 |
|
| 830 | 0 |
_aCuadernos de arte. Serie divulgación ; _v129 _9184876 |
|
| 852 |
_aES-MaACL _j2205-F-47 _9109299 _bR.137790 _cDEPOF |
||
| 942 |
_2udc _cFOLLETOS |
||
| 999 |
_c105356 _d105356 |
||